It's not hysteria (Record no. 5176)

MARC details
000 -CABECERA
campo de control de longitud fija 02067nam a22002057a 4500
008 - DATOS DE LONGITUD FIJA--INFORMACIÓN GENERAL
campo de control de longitud fija 251112b |||||||| |||| 00| 0 eng d
020 ## - NÚMERO INTERNACIONAL ESTÁNDAR DEL LIBRO
Número Internacional Estándar del Libro 9781250894601
040 ## - FUENTE DE LA CATALOGACIÓN
Centro/agencia transcriptor tbs
041 ## - CÓDIGO DE LENGUA
Código de lengua del texto/banda sonora o título independiente eng
050 ## - SIGNATURA TOPOGRÁFICA DE LA BIBLIOTECA DEL CONGRESO
Número de clasificación RG133
Número de documento/Ítem .T34 2024
100 ## - ENTRADA PRINCIPAL--NOMBRE DE PERSONA
Nombre de persona Tang, Karen
9 (RLIN) 24953
Término indicativo de función/relación author
245 ## - MENCIÓN DE TÍTULO
Título It's not hysteria
Resto del título : everything you need to know about your reproductive health (but were never told)
Mención de responsabilidad, etc. / Karen Tang.
260 ## - PUBLICACIÓN, DISTRIBUCIÓN, ETC.
Lugar de publicación, distribución, etc. New York, NY :
Nombre del editor, distribuidor, etc. Flatiron Books,
Fecha de publicación, distribución, etc. 2024.
300 ## - DESCRIPCIÓN FÍSICA
Extensión viii, 373 pages ;
Dimensiones 25 cm.
520 ## - SUMARIO, ETC.
Sumario, etc. An inclusive and essential guide to reproductive health-including period problems, pelvic pain, menopause, fertility, sexual health, vaginal and urinary conditions, and overall wellbeing -- from leading expert and fierce advocate Dr. Karen Tang. Did you know 1 in 3 women experience menstrual abnormalities or pelvic issues? Yet these conditions are overwhelmingly misunderstood, misdiagnosed, or dismissed. The root causes for these issues, such as PCOS, endometriosis, fibroids, ovarian cysts, PMDD, or pelvic floor muscle dysfunction, don't receive the stream of funding for research and new treatments that other conditions do, despite the potential to affect up to half the population. Dr. Karen Tang is on a mission to transform how we engage with our bodies and our healthcare. It's Not Hysteria is a comprehensive guide to common conditions and potential treatment options, with practical tools such as symptom prompts and sample questions for your provider, to equip readers to take control of their gynecologic health. Reproductive healthcare, from abortion to gender-affirming care, is under siege. The onus continues to fall on patients to find and advocate for the care they need. In the face of uncertainty and misinformation, It's Not Hysteria is destined to become a new classic that educates and empowers women and those assigned female at birth.
650 #0 - PUNTO DE ACCESO ADICIONAL DE MATERIA--TÉRMINO DE MATERIA
Término de materia o nombre geográfico como elemento de entrada Reproductive health
Subdivisión de forma Popular works
9 (RLIN) 26494
650 #0 - PUNTO DE ACCESO ADICIONAL DE MATERIA--TÉRMINO DE MATERIA
Término de materia o nombre geográfico como elemento de entrada Gynecology
Subdivisión de forma Popular works
9 (RLIN) 26495
650 #0 - PUNTO DE ACCESO ADICIONAL DE MATERIA--TÉRMINO DE MATERIA
Término de materia o nombre geográfico como elemento de entrada Generative organs, Female
Subdivisión general Diseases
Subdivisión de forma Popular works
9 (RLIN) 26496
942 ## - ELEMENTOS DE ENTRADA AGREGADA (KOHA)
Fuente del sistema de clasificación o colocación Clasificación de Library of Congress
Holdings
Estado de retiro Estado de pérdida Fuente del sistema de clasificación o colocación Estado dañado No para préstamo Biblioteca de origen Biblioteca actual Fecha de adquisición Total de préstamos Signatura topográfica completa Código de barras Fecha visto por última vez Número de copia Precio válido a partir de Tipo de ítem Koha
    Clasificación de Library of Congress     TBS Barcelona TBS Barcelona 12/11/2025   RG133 TAN B05649 12/11/2025 1 12/11/2025 Book

Powered by Koha